000 01022nam a2200325 b 4500
001 0000624
003 DO-SdBPM
005 20250526111702.0
007 0000624
008 0506171995 sp spa
017 _a
_b
020 _a8478805648
035 _a
040 _aDO-SdBPM
_bspa
_cBPMSU
_e
082 4 _a363.283
_bR918e 1995
_222
100 1 _aRueda, Fernando
245 1 0 _aEspías :
_bescuchas, dossiers, montajes... el mercado negro de la información en España /
_h
_cFernando Rueda, Elena Pradas
260 _aMadrid :
_bTemas de hoy,
_c1995.
300 _a365 p. :
_c23 cm
490 1 _aGrandes temas
500 _aIncluye lista de espías.
500 _aIncluye índice onomástico.
650 4 _aServicio Secreto.
_z
650 4 _aPeriodismo de investigación.
_z
650 4 _aMedios de comunicación
_xAspectos políticos.
_z
651 4 _aEspaña
_xPolítica y gobierno
700 1 _aPradas, Elena
_eautor
910 _aVMateo V. Control de calidad. BPMSU
942 _2ddc
_cBK
999 _c11221
_d11221